Statistics for Countries Without E-G-Y-P-T

Click here to take the quiz!

General Stats

  • This quiz has been taken 15 times
    (9 since last reset)
  • The average score is 25 of 49

Answer Stats

Answer% Correct
India
75%
Japan
75%
Russia
75%
Albania
63%
Andorra
63%
Bahamas
63%
Barbados
63%
Brazil
63%
Burundi
63%
Canada
63%
China
63%
Cuba
63%
Iran
63%
Iraq
63%
Jamaica
63%
Jordan
63%
Malawi
63%
Mali
63%
Oman
63%
Sri Lanka
63%
Bahrain
50%
Chad
50%
Colombia
50%
Comoros
50%
Fiji
50%
Finland
50%
Honduras
50%
Kosovo
50%
Laos
50%
Namibia
50%
Nauru
50%
Romania
50%
San Marino
50%
Bolivia
38%
Burkina Faso
38%
Cambodia
38%
Dominica
38%
Moldova
38%
Morocco
38%
Rwanda
38%
Samoa
38%
Saudi Arabia
38%
Slovakia
38%
Solomon Islands
38%
Somalia
38%
Sudan
38%
Zambia
38%
Marshall Islands
25%
Monaco
25%

Score Distribution

Percentile by Number Answered

Percent of People with Each Score

Your Score History

You have not taken this quiz since the last reset